2853-高石市(大阪府)の駅 - Statistics

General Stats
  • This quiz has been taken 2 times
  • The average score is 3 of 6
Answer Stats
Answer % Correct
高石
100%
羽衣
50%
伽羅橋
50%
高師浜
50%
東羽衣
50%
富木
0%
No matching quizzes found
Score Distribution
Percent of People with Each Score
Percentile by Number Answered
Your Score History
You have not taken this quiz